| 000 | 00709cab a2200229 4500 | ||
|---|---|---|---|
| 001 | 84071 | ||
| 008 | 090401t1997 xxu||||| |||| 00| 0 eng d | ||
| 035 | _a(Sirsi) u78459 | ||
| 041 | _aeng | ||
| 245 | _aAuctioneers `fix antique prices` | ||
| 260 | _c1997 | ||
| 350 | _a0 | ||
| 490 |
_aSunday Times _v18 May 1997, 10(1) |
||
| 520 | _aAntique dealers accuse some auction houses of unscrupulous practices. The BADA has drawn up a proposed code of conduct which it will ask auction houses to adopt. | ||
| 650 | _aAUCTION HOUSES | ||
| 650 | _aBADA | ||
| 650 | _aBRITISH ANTIQUE DEALERS ASSOCIATION | ||
| 650 | _aCODE OF CONDUCT | ||
| 690 |
_aAuctioneering _96218 |
||
| 942 | _n0 | ||
| 948 | _c21/05/1997 | ||
| 999 |
_c49365 _d49365 |
||